02390nam a2200325 a 4500001001000000005001700010008004100027020003100068020003100099041000800130050002100138100002000159245005000179260003900229300003100268504004100299505121200340650001901552650002701571650003701598740007301635740007101708740005701779740006801836740005601904740002301960740001701983740001602000740004802016BRCA_195620190320203621.0890704m19881993sp-a---g#e---#000-0#spa-d a8432089001 (Obra completa) a843206680X (Obra completa) aspa 4aN5300b.M55 19881 aMilicua, José10aHistoria universal del arte.cJosé Milicua. aBarcelonabPlanetac1988-1989-1993 a11 v.bil. a colorc32 cm. aIncluye referencias bibliográficas0 aContenido : v.1. Las primeras civilizaciones : prehistoria, Egipto, próximo oriente / Joan Sureda (5a ed.). -- v.2. La antigüedad clásica : Grecia, Roma y el mundo mediterráneo / Xavier Barral I Altet (2a ed.). -- v.3. La edad media : Bizancio-Islam / Joan Sureda : De Roma al prerrománico / Xavier Barral Altel (2a ed.). -- v.4. La edad media : románico-gótico / Joan Sureda (4a ed.). -- v.5. El renacimiento I : el quattrocento italiano, la pintura flamenca (capítulo II) / Joan Sureda. La pintura flamenca(capítulo I) / José Milicua. -- v.6. Renacimiento(II) y manierismo : el cinquecento italiano / Jesús Hernández Perera. España y Portugal, Francia, países bajos e Inglaterra / Santiago Alcolea Gil. Alemania y países Germánicos / Joan Sureda. En los umbrales del barroco / José Milicua. -- v.7. Barroco y rococó / José Luis Morales y Marín (3a ed.). -- v.8. El siglo XIX / Erika Bornay (3a ed.). -- v.9. El siglo XX / Alícia Suàrez y Mercè Vidal (2a ed.). -- v.10. África, América y Asia : arte primitivo / Carmen Huera. América precolombina / Estela Ocampo. Extremo oriente / Luis Monreal y Tejeda (4a ed.). -- Últimas tendencias / Lourdes Cirlot14aArtexHistoria14aArte antiguoxHistoria14aArte modernoxHistoriaySiglo XX0 aLas primeras civilizaciones : prehistoria, Egipto, próximo oriente0 aLa antigüedad clásica : Grecia, Roma y el mundo mediterráneo0 aLa edad media : Bizancio, Islam, Románico-Gótico0 aEl renacimiento : el quattrocento italiano, la pintura flamenca0 aRenacimiento y manierismo : el cinquecento italiano0 aBarroco y rococó0 aEl siglo XIX0 aEl siglo XX0 aÁfrica, América y Asia : arte primitivo